Príspevok k vybraným aspektom agenta pre stratégiu reálneho času

Uložené v:
Podrobná bibliografia
Hlavný autor: Hanková, Michaela (Autor)
Ďalší autori: Krištofík, Štefan (Vedúci práce)
Médium: Rukopis Kniha
Jazyk:Slovak
Vydavateľské údaje: 2022
Predmet:
On-line prístup:http://is.stuba.sk/zp/portal_zp.pl?podrobnosti=148374
Tagy: Pridať tag
Žiadne tagy, Buďte prvý, kto otaguje tento záznam!

MARC

LEADER 00000ntm a22000003a 4500
001 stuzp88000
003 SK-STU
005 20220716210305.9
007 ta
008 150427s2015----xo-----f-mn---000-0-slo-d
040 |a STU  |b slo 
041 0 |a slo 
100 1 |a Hanková, Michaela  |u 070400  |4 aut  |U FIIT Fakulta informatiky a informačných technológií  |T FIIT Ústav počítačového inžinierstva a aplikovanej informatiky  |X 96872  |U I400  |Y 672  |7 96872 
242 0 1 |a A contribution towards selected aspects of a realtime strategy agent  |y eng 
245 1 0 |a Príspevok k vybraným aspektom agenta pre stratégiu reálneho času 
260 |c 2022 
650 4 |a stratégia reálneho času  |2 slo 
650 4 |a inteligentný agent  |2 slo 
650 4 |a hra  |2 slo 
650 4 |a real time strategy  |2 eng 
650 4 |a intelligent agent  |2 eng 
650 4 |a game  |2 eng 
700 1 |a Krištofík, Štefan  |u 070400  |k Z8  |4 ths  |U FIIT Fakulta informatiky a informačných technológií  |T FIIT Ústav počítačového inžinierstva a aplikovanej informatiky  |X 24559  |U I400  |Y 672  |7 A000024559 
856 4 |u http://is.stuba.sk/zp/portal_zp.pl?podrobnosti=148374